Maíto Panduro (Record no. 140851)

MARC details
000 -CABECERA
campo de control de longitud fija 00898cam a22003014a 4500
003 - IDENTIFICADOR DEL NÚMERO DE CONTROL
campo de control MX-MxUPN
005 - FECHA Y HORA DE LA ÚLTIMA TRANSACCIÓN
campo de control 20241010161600.0
008 - ELEMENTOS DE LONGITUD FIJA--INFORMACIÓN GENERAL
campo de control de longitud fija 090204s2004 sp a jr 000 f spa d
020 ## - NÚMERO INTERNACIONAL NORMALIZADO PARA LIBROS
Número Internacional Estándar del Libro 8426348564
035 ## - NÚMERO DE CONTROL DEL SISTEMA
Número de control de sistema UPN01000168745
040 ## - FUENTE DE LA CATALOGACIÓN
Centro catalogador/agencia de origen MX-MxUPN
Lengua de catalogación spa
Centro/agencia transcriptor MX-MxUPN
041 ## - CÓDIGO DE IDIOMA
Código de lengua del texto/banda sonora o título independiente spa
050 04 - SIGNATURA TOPOGRÁFICA DE LA BIBLIOTECA DEL CONGRESO
Número de clasificación PQ6713 O97
Número de documento/Ítem M35 2004
100 1# - ASIENTO PRINCIPAL--NOMBRE PERSONAL
Nombre de persona Moure, Gonzalo,
Fechas asociadas al nombre 1951-
9 (RLIN) 33037
245 10 - MENCIÓN DE TÍTULO
Título Maíto Panduro
250 ## - MENCIÓN DE EDICIÓN
Mención de edición 2a edición
260 ## - PUBLICACIÓN, DISTRIBUCIÓN, ETC.
Lugar de publicación, distribución, etc. Zaragoza, España :
Nombre del editor, distribuidor, etc. Edelvives,
Fecha de publicación, distribución, etc. 2004.
300 ## - DESCRIPCIÓN FÍSICA
Extensión 121 páginas :
Otras características físicas ilustraciones
490 0# - MENCIÓN DE SERIE
Mención de serie Ala delta. Verde ;
Designación de volumen o secuencia 4
650 #4 - ASIENTO SECUNDARIO DE MATERIA - TERMINO TEMATICO
Término de materia o nombre geográfico como elemento de entrada Novela española
9 (RLIN) 10814
650 #7 - ASIENTO SECUNDARIO DE MATERIA - TERMINO TEMATICO
9 (RLIN) 49994
Término de materia o nombre geográfico como elemento de entrada Relación padres-hijos
Subdivisión de forma Literatura infantil
650 #4 - ASIENTO SECUNDARIO DE MATERIA - TERMINO TEMATICO
9 (RLIN) 54022
Término de materia o nombre geográfico como elemento de entrada Gitanos
700 1# - ASIENTO SECUNDARIO--NOMBRE DE PERSONAL
9 (RLIN) 54021
Nombre de persona Martín Godoy, Fernando,
Fechas asociadas al nombre 1975-
Término indicativo de función/relación ilustración
902 ## - ELEMENTOS DE DATOS B LOCAL, LDB (RLIN)
Modificó MaríaRobles/101024
905 ## - TIPO DE MATERIAL
Tipo de material Libro
942 ## - ELEMENTOS DE PUNTO DE ACCESO ADICIONAL (KOHA)
Fuente del sistema de clasificación o colocación Library of Congress Classification
Tipo de ítem Koha Libro
Suprimir en OPAC No
Holdings
Estado de retiro Estado de pérdida Fuente del sistema de clasificación o colocación Estado dañado No para préstamo Código de colección Localización permanente Ubicación/localización actual Ubicación en estantería Fecha de adquisición Clasificación Código de barras Fecha visto por última vez Tipo de ítem Koha
    Library of Congress Classification     Infantil Bib. Gregorio Torres Quintero Bib. Gregorio Torres Quintero Sala infantil Planta baja 10/10/2024 PQ6713 O97 M35 2004 AP231 31/12/2020 Libro